Okruh uchádzačov o ST sa začína kryštalizovať

Zverejnenie inzerátu o predaji 51 percent Slovenských telekomunikácií (ST), a.s. Bratislava strategickému investorovi. Neistý termín vyhlásenia a ukončenia verejného výberového konania. Výber strategického partnera pre ST vedie Deutsche Bank. Predbežní záujemcovia o vstup do ST.

Enregistré dans:
Détails bibliographiques
Auteur principal: Andacký, Jozef
Format: Chapitre de livre
Langue:slovaque
Sujets:
Tags: Ajouter un tag
Pas de tags, Soyez le premier à ajouter un tag!

MARC

LEADER 00000naa a2200000 4500
001 r036657
005 20230921104205.4
041 0 |a slo 
044 |a SK 
245 1 0 |a Okruh uchádzačov o ST sa začína kryštalizovať  |c Jozef Andacký 
520 |a Zverejnenie inzerátu o predaji 51 percent Slovenských telekomunikácií (ST), a.s. Bratislava strategickému investorovi. Neistý termín vyhlásenia a ukončenia verejného výberového konania. Výber strategického partnera pre ST vedie Deutsche Bank. Predbežní záujemcovia o vstup do ST. 
610 2 0 |a telekomunikácie 
610 2 0 |a predaj 
610 2 0 |a akcie 
610 2 0 |a investori 
610 2 0 |a privatizácia 
610 2 0 |a Slovenské telekomunikácie, a.s. Bratislava 
100 1 |a Andacký, Jozef